header

Polymers in sport and leisure (Record no. 37094)

MARC details
000 -LEADER
fixed length control field 01281nam a2200349 a 4500
100 1# - MAIN ENTRY--AUTHOR NAME
Personal name Brown, R. P.
245 10 - TITLE STATEMENT
Title Polymers in sport and leisure
260 ## - PUBLICATION, DISTRIBUTION, ETC. (IMPRINT)
Place of publication Shawbury, U.K. :
Name of publisher Rapra Technology Ltd.,
Year of publication 2001.
300 ## - PHYSICAL DESCRIPTION
Number of Pages 112 p.
490 1# - SERIES STATEMENT
Series statement Rapra review reports. Report 135 ;
650 #0 - SUBJECT ADDED ENTRY--TOPICAL TERM
Topical Term Polymers.
Topical Term Manufacturing processes.
Topical Term Sports.
Topical Term Leisure.
856 40 - ELECTRONIC LOCATION AND ACCESS
Uniform Resource Identifier http://site.ebrary.com/lib/rucke/Doc?id=10236819

No items available.

© 2026 Rongo University
Contact us: librarian | system librarian | Rongo university